000 00333nam a2200145Ia 4500
008 230718s9999 xx 000 0 und d
041 _aEng.
082 _a345.55
_bWAS-T
100 _aWasser nawaz
245 0 _aTelecommunication laws
260 _aPakistan
_bIrfan law book
_c2012
300 _a337
650 _aLaw
999 _c30459
_d30459